LEADER 01408nam a2200313 u 4500 001 000000029935 003 CaOOAMICUS 005 20070226111954.0 008 970716s1997 it u000 u ita u 020 $a887988381X 035 $a10767198 040 $aEFR$bita$dBSR$dPUL(R) 100 1 $aAzzara, Claudio,$d1964-$0(OLS)http://pul/name/24206 245 12$aL'ideologia del potere regio nel papato altomedievale :$b(secoli VI-VIII) /$cClaudio Azzara. 260 $aSpoleto :$bCentro italiano di studi sull'alto Medioevo,$cc1997. 300 $avi, 341 p. ;$c25 cm 490 1 $aTesti, studi, strumenti ;$v12 500 $aIndex: p. [327]-341. 504 $aBibliographie: p. [287]-325. 650 0$aPapacy$xHistory$yTo 1309.$2//eng$0(OLS)http://pul/subject/16703 650 0$aPopes$xTemporal power.$2//eng$0(OLS)http://pul/subject/7403 830 0$aTesti, studi, strumenti ;$v12.$0(OLS)http://pul/title/16694 850 $aPUL 852 $aPUL$W1$xSL Filosofia 1$y2$m110 E 24$j41386$nBK-PRI$b $qStampati$B41386$CPULBib$Z2$F41386 $H $81 941 1 $a8 961 $aINV: 79504 996 $6020$a887988381X$9(OLS)http://pul/number/37602 996 $6245$aL'ideologia del potere regio nel papato altomedievale :$b(secoli VI-VIII)$9(OLS)http://pul/title/41067 996 $6260$aSpoleto :$bCentro italiano di studi sull'alto Medioevo$9(OLS)http://pul/publisher/48572 LEADER 01058nam a2200241 u 4500 001 000000040164 003 CaOOAMICUS 005 20070226114054.0 008 980522s1985 it u000 u ita u 035 $a10795938 040 $aPUL(R)$bita 100 1 $aTalamanca, Mario.$0(OLS)http://pul/name/4682 245 10$aEdoardo Volterra (1904-1984) /$cMario Talamanca. 260 $aMilano :$bGiuffrè,$c1985. 300 $aP. [IX]-XCIV ;$c25 cm 500 $aContiene L'elenco degli scritti di Edoardo Volterra. 500 $aEstratto da: Bullettino dell'Istituto di diritto romano. Terza serie, vol. XXVII; LXXXVIII della collezione. 600 14$aVolterra, Edoardo,$d1904-1987.$0(OLS)http://pul/subject/18302 850 $aPUL 852 $aPUL$W1$xDP1 Miscellanee$y10$mMisc.Lombardi.134(int.8)$j54584$nBK-PRI$b $qStampati Miscellanee$B54584$CPULBib$Z2$F54584 $H $81 941 1 $a17 996 $6245$aEdoardo Volterra (1904-1984)$9(OLS)http://pul/title/54261 996 $6260$aMilano :$bGiuffrè$9(OLS)http://pul/publisher/48401